Alumnos superdotados y talentosos : (Record no. 144443)

MARC details
000 -CABECERA
campo de control de longitud fija 00945nam a2200241 u 4500
005 - FECHA Y HORA DE LA ÚLTIMA TRANSACCIÓN
campo de control 20221101063603.0
008 - ELEMENTOS DE LONGITUD FIJA--INFORMACIÓN GENERAL
campo de control de longitud fija 090917s2006 mx r 000 0 spa d
020 ## - NÚMERO INTERNACIONAL NORMALIZADO PARA LIBROS
Número Internacional Estándar del Libro 9707292431
035 ## - NÚMERO DE CONTROL DEL SISTEMA
Número de control de sistema UPN01000172339
049 ## - COLECCIÓN
Colección CG
050 #4 - SIGNATURA TOPOGRÁFICA DE LA BIBLIOTECA DEL CONGRESO
Número de clasificación LC3993
Número de documento/Ítem V3.2
100 1# - ASIENTO PRINCIPAL--NOMBRE PERSONAL
Nombre de persona Valadez Sierra, María de los Dolores
9 (RLIN) 36931
245 10 - MENCIÓN DE TÍTULO
Título Alumnos superdotados y talentosos :
Resto del título identificación, evaluación e intervención : una perspectiva para docentes /
Mención de responsabilidad, etc. María de los Dolores Valadez Sierra, Julián Betancourt Morejón, María Alicia Zavala Berbena.
260 ## - PUBLICACIÓN, DISTRIBUCIÓN, ETC.
Lugar de publicación, distribución, etc. México :
Nombre del editor, distribuidor, etc. Manual Moderno,
Fecha de publicación, distribución, etc. 2006.
300 ## - DESCRIPCIÓN FÍSICA
Extensión 493 p.
650 #4 - ASIENTO SECUNDARIO DE MATERIA - TERMINO TEMATICO
Término de materia o nombre geográfico como elemento de entrada NIÑOS SUPERDOTADOS -
Subdivisión general EDUCACION
9 (RLIN) 19035
650 #4 - ASIENTO SECUNDARIO DE MATERIA - TERMINO TEMATICO
Término de materia o nombre geográfico como elemento de entrada NIÑOS TALENTOSOS -
Subdivisión general EDUCACION
9 (RLIN) 14853
650 #4 - ASIENTO SECUNDARIO DE MATERIA - TERMINO TEMATICO
Término de materia o nombre geográfico como elemento de entrada INTELIGENCIA -
Subdivisión general PRUEBAS
9 (RLIN) 6228
650 #2 - ASIENTO SECUNDARIO DE MATERIA - TERMINO TEMATICO
Término de materia o nombre geográfico como elemento de entrada Aprendizaje escolar
9 (RLIN) 6487
700 1# - ASIENTO SECUNDARIO--NOMBRE DE PERSONAL
Nombre de persona Betancourt Morejón, Julián,
Término indicativo de función/relación coaut.
9 (RLIN) 37212
700 1# - ASIENTO SECUNDARIO--NOMBRE DE PERSONAL
Nombre de persona Zavala Berbena, María Alicia,
Término indicativo de función/relación coaut.
905 ## - TIPO DE MATERIAL
Tipo de material Libro
Holdings
Estado de retiro Estado de pérdida Fuente del sistema de clasificación o colocación Estado dañado No para préstamo Código de colección Localización permanente Ubicación/localización actual Ubicación en estantería Total de préstamos Clasificación Código de barras Fecha visto por última vez Número de copia Tipo de ítem Koha Fecha de adquisición Fecha del último préstamo
    Library of Congress Classification     Colección General Bib. Gregorio Torres Quintero Bib. Gregorio Torres Quintero Planta baja 18 LC3993 V3.2 267643 31/12/2020 1 Libro    
    Library of Congress Classification     Colección General Bib. Gregorio Torres Quintero Bib. Gregorio Torres Quintero Planta baja 18 LC3993 V3.2 267644 31/05/2023 1 Libro 20/01/2023 24/05/2023
    Library of Congress Classification     Colección General Bib. Gregorio Torres Quintero Bib. Gregorio Torres Quintero Planta baja 21 LC3993 V3.2 267645 31/12/2020 1 Libro